La religion chrétienne prouvée par l' accomplissement des propheties de l' Ancien et Nouveau Testament suivant la methode des SS. peres.

Detalles Bibliográficos
Formato: Libro
Lenguaje:Undetermined
French
Publicado: a Paris : chez Esprit Billiot et Gabriel François Quillau, 1728.
Materias:
Colección:Banco de datos
Acervo:Biblioteca Palafoxiana. Colección bibliográfica
Descripción Física:[6], XXXII, 386, [10] p. ; 4°
Tema general:Apologética
Notas:Número de localización: 35200
LEADER 00614nam a2200157Ia 4500
008 150723s9999 xx 000 0 und d
041 0 |a fre 
050 0 |a PAFX BT1100 R4 
245 1 0 |a La religion chrétienne prouvée par l' accomplissement des propheties de l' Ancien et Nouveau Testament suivant la methode des SS. peres. 
260 |a a Paris : chez Esprit Billiot et Gabriel François Quillau, 1728. 
300 |a [6], XXXII, 386, [10] p. ; 4° 
500 |a Número de localización: 35200 
650 1 0 |a Apologética 
942 |c PALALIB 
943 |g Biblioteca Palafoxiana. Colección bibliográfica 
999 |c 1059900  |d 1059900